[Event "Steinfurt Bezirk-ch"]
[Site "Rheine"]
[Date "2008.11.24"]
[Round "3"]
[White "Rolfing, Anton"]
[Black "Bruemmer, Andreas"]
[Result "0-1"]
[WhiteElo "1523"]
[BlackElo "1874"]
[PlyCount "58"]
[EventDate "2008.10.20"]
[EventType "swiss"]
[EventRounds "7"]
[EventCountry "GER"]
[SourceTitle "EXT 2010"]
[Source "ChessBase"]
[SourceDate "2010.11.25"]
[SourceVersion "1"]
[SourceVersionDate "2010.11.25"]
[SourceQuality "1"]

1. d4 Nf6 2. c4 e6 3. Nc3 Bb4 4. Nf3 0-0 5. g3 d5 6. cxd5 exd5 7. Qb3 Bd6 8. Bg5 c6 9. Bg2 Nbd7 10. 0-0 Re8 11. Rfe1 h6 12. Bxf6 Nxf6 13. h3 Qb6 14. Qc2 Bd7 15. e3 Rac8 16. Nh4 Qc7 17. Rac1 Ne4 18. g4 Nxf2 19. Rf1 Bh2+ 20. Kxf2 Qg3+ 21. Ke2 Rxe3+ 22. Kd2 Rce8 23. Rxf7 Kxf7 24. Rf1+ Kg8 25. Qg6 R3e7 26. Qh5 Qe3+ 27. Kc2 Qxd4 28. Nf3 Re2+ 29. Nxe2 Rxe2+ 0-1

[Event "Steinfurt Bezirksliga 0607"]
[Site "Germany"]
[Date "2006.09.09"]
[Round "1.8"]
[White "Rolfing, Anton"]
[Black "Ehlert, Jan"]
[Result "0-1"]
[WhiteElo "1670"]
[BlackElo "1579"]
[PlyCount "30"]
[EventDate "2006.09.09"]
[EventType "team-tourn"]
[EventRounds "9"]
[EventCountry "GER"]
[SourceTitle "EXT 2008"]
[Source "ChessBase"]
[SourceDate "2007.11.25"]
[SourceVersion "1"]
[SourceVersionDate "2007.11.25"]
[SourceQuality "1"]
[WhiteTeam "Rheine Klein Berlin II"]
[BlackTeam "Ibbenbueren II"]
[WhiteTeamCountry "GER"]
[BlackTeamCountry "GER"]

1. d4 Nf6 2. c4 e5 3. dxe5 Ne4 4. Qb3 Bc5 5. e3 b6 6. Nf3 Bb7 7. Be2 Nc6 8. 0-0 Qe7 9. a3 Nxe5 10. Nxe5 Qxe5 11. Bf3 f5 12. Bxe4 fxe4 13. Qc3 Qh5 14. Nd2 0-0-0 15. Rd1 Qxd1+ 0-1

[Event "Steinfurt Bezirksliga 0405"]
[Site "Germany"]
[Date "2005.04.30"]
[Round "8.3"]
[White "Menz, Robert"]
[Black "Rolfing, Anton"]
[Result "0-1"]
[WhiteElo "1521"]
[BlackElo "1643"]
[PlyCount "135"]
[EventDate "2004.09.25"]
[EventType "team-tourn"]
[EventRounds "11"]
[EventCountry "GER"]
[SourceTitle "EXT 2006"]
[Source "ChessBase"]
[SourceDate "2005.11.24"]
[SourceVersion "1"]
[SourceVersionDate "2005.11.24"]
[SourceQuality "1"]
[WhiteTeam "Saerbeck III"]
[BlackTeam "Rheine Klein Berlin II"]
[WhiteTeamCountry "GER"]
[BlackTeamCountry "GER"]

1. d4 d5 2. c4 e6 3. Nc3 Nf6 4. Bg5 Nbd7 5. cxd5 exd5 6. Nf3 c6 7. e3 Qa5 8. Bd3 Bb4 9. Qc2 h6 10. Bf4 0-0 11. 0-0 Re8 12. Nd2 Bxc3 13. bxc3 Nh5 14. Rfe1 Nxf4 15. exf4 Rxe1+ 16. Rxe1 Nf6 17. Nf3 c5 18. Re5 Bg4 19. Nh4 Rc8 20. Nf5 Bxf5 21. Bxf5 Rc7 22. Qe2 g6 23. Bxg6 fxg6 24. Re7 Ne4 25. Re5 Qxc3 26. Rxd5 Qc1+ 27. Qf1 Qxf1+ 28. Kxf1 c4 29. Re5 Nd2+ 30. Ke2 c3 31. Rc5 Rxc5 32. dxc5 Ne4 33. Kd3 Nxc5+ 34. Kxc3 Kf7 35. f3 h5 36. g3 Kf6 37. Kc4 b6 38. a3 Ke6 39. h3 Kf6 40. Kd5 Nb3 41. Ke4 Nd2+ 42. Kd3 Nxf3 43. Ke3 Ng1 44. h4 Kf5 45. a4 Nh3 46. Kf3 a6 47. Ke3 b5 48. a5 Ng1 49. Kd4 Ne2+ 50. Kc5 Nc1 51. Kb6 Nb3 52. Kxa6 Nxa5 53. Kxa5 Kg4 54. Kxb5 Kxg3 55. Kc4 Kxf4 56. Kd3 Kg4 57. Ke3 Kxh4 58. Kf3 Kh3 59. Kf4 h4 60. Kf3 g5 61. Kf2 Kg4 62. Kg2 Kf4 63. Kh2 g4 64. Kg2 Ke3 65. Kg1 Kf3 66. Kh2 Kf2 67. Kh1 h3 68. Kh2 0-1

[Event "Steinfurt Bezirksliga 0304"]
[Site "Germany"]
[Date "2004.03.13"]
[Round "6.4"]
[White "Rolfing, Anton"]
[Black "Koetter, Volkmar"]
[Result "1-0"]
[WhiteElo "1644"]
[BlackElo "1759"]
[PlyCount "135"]
[EventDate "2003.10.18"]
[EventType "team-tourn"]
[EventRounds "9"]
[EventCountry "GER"]
[SourceTitle "EXT 2005"]
[Source "ChessBase"]
[SourceDate "2004.11.15"]
[SourceVersion "1"]
[SourceVersionDate "2004.11.15"]
[SourceQuality "1"]
[WhiteTeam "Rheine Klein Berlin II"]
[BlackTeam "Westerkappeln"]
[WhiteTeamCountry "GER"]
[BlackTeamCountry "GER"]

1. d4 Nf6 2. Nf3 e6 3. e3 b6 4. Bd3 Bb7 5. 0-0 Be7 6. c4 0-0 7. Nc3 d5 8. b3 Nbd7 9. Bb2 c5 10. Re1 Rc8 11. Rc1 a6 12. Qe2 dxc4 13. bxc4 Rc7 14. Red1 Qa8 15. Ne1 Rfc8 16. f3 Nf8 17. Kh1 cxd4 18. Na4 Bc5 19. exd4 Bc6 20. Nxc5 bxc5 21. d5 exd5 22. Bxf6 gxf6 23. Qf2 d4 24. h4 Bd7 25. h5 Qc6 26. Qg3+ Kh8 27. Be4 Qe6 28. Nd3 Qe7 29. Re1 Be6 30. Nf4 Qd8 31. Bd5 Re7 32. Qh4 Re8 33. Re2 f5 34. Qxd8 Rcxd8 35. Rce1 Kg7 36. Kh2 Kf6 37. Kh3 Rd6 38. Kh4 Kg7 39. g3 Red8 40. Kh3 Bxd5 41. Nxd5 Ne6 42. Re5 Ng5+ 43. Kg2 Ne6 44. f4 R8d7 45. Rxf5 Nc7 46. Rg5+ Kf8 47. Nxc7 Rxc7 48. Rge5 d3 49. R5e4 Rb7 50. Re8+ Kg7 51. Rc8 Rb2+ 52. Kf3 Rxa2 53. Rxc5 a5 54. Rd1 a4 55. Rd5 Rxd5 56. cxd5 d2 57. d6 Kf6 58. g4 Ke6 59. f5+ Kxd6 60. g5 Ke5 61. Kg4 Rb2 62. h6 Rb4+ 63. Kh5 Rd4 64. g6 fxg6+ 65. fxg6 hxg6+ 66. Kxg6 Rd8 67. h7 Kf4 68. Rxd2 1-0